[Event "29. Klatovy A 2023"]
[Site "Klatovy"]
[Date "2023.07.05"]
[Round "5.12"]
[White "Palek, Miroslav"]
[Black "Polak, Michal 2002"]
[Result "1-0"]
[WhiteElo "2091"]
[BlackElo "1959"]
[PlyCount "73"]
[EventDate "2023.07.01"]
[EventType "swiss"]
[EventRounds "9"]
[EventCountry "CZE"]
[TimeControl "120+30"]

1. d4 {[%emt 0:00:07]} d6 {[%emt 0:00:44]} 2. e4 {[%emt 0:00:31]} Nf6 {[%emt 0:00:47]} 3. Nc3 {[%emt 0:00:14]} e5 {[%emt 0:03:10]} 4. Nge2 {[%emt 0:01:59]} Nbd7 {[%emt 0:05:03]} 5. g3 {[%emt 0:00:23]} g6 {[%emt 0:03:06]} 6. Bg2 {[%emt 0:00:31]} Bg7 {[%emt 0:00:17]} 7. h3 {[%emt 0:00:21]} O-O {[%emt 0:01:53]} 8. Be3 {[%emt 0:00:24]} c6 {[%emt 0:04:27]} 9. a4 {[%emt 0:01:43]} Qc7 {[%emt 0:06:13]} 10. O-O {[%emt 0:00:48]} b6 {[%emt 0:05:26]} 11. f4 {[%emt 0:15:51]} Bb7 {[%emt 0:08:36]} 12. dxe5 {[%emt 0:04:03]} dxe5 {[%emt 0:00:08]} 13. f5 {[%emt 0:00:17]} a6 {[%emt 0:15:25]} 14. g4 {[%emt 0:03:33]} h6 {[%emt 0:00:13]} 15. g5 {[%emt 0:03:51]} hxg5 {[%emt 0:00:41]} 16. Bxg5 {[%emt 0:01:03]} b5 {[%emt 0:12:28]} 17. Ng3 {[%emt 0:05:14]} Qb6+ {[%emt 0:06:21]} 18. Kh1 {[%emt 0:03:11]} c5 {[%emt 0:03:16]} 19. a5 {[%emt 0:06:05]} Qc7 {[%emt 0:02:33]} 20. fxg6 {[%emt 0:10:20]} fxg6 {[%emt 0:00:10]} 21. Nd5 {[%emt 0:03:14]} Nxd5 {[%emt 0:03:28]} 22. exd5 {[%emt 0:00:14]} Rxf1+ {[%emt 0:01:27]} 23. Qxf1 {[%emt 0:00:14]} Rf8 {[%emt 0:00:40]} 24. Qd3 {[%emt 0:00:35]} Nf6 {[%emt 0:12:35]} 25. Qxg6 {[%emt 0:13:57]} Bxd5 {[%emt 0:03:05]} 26. Bxd5+ {[%emt 0:03:36]} Nxd5 {[%emt 0:00:05]} 27. Nf5 {[%emt 0:01:39]} Nf4 {[%emt 0:03:31]} 28. Bxf4 {[%emt 0:00:26]} exf4 {[%emt 0:00:05]} 29. Rg1 {[%emt 0:00:30]} Rf7 {[%emt 0:03:14]} 30. Nh6+ {[%emt 0:00:20]} Kf8 {[%emt 0:00:12]} 31. Nxf7 {[%emt 0:01:00]} Qxf7 {[%emt 0:00:13]} 32. Qxf7+ {[%emt 0:00:06]} Kxf7 {[%emt 0:00:03]} 33. c3 {[%emt 0:01:11]} Be5 {[%emt 0:00:48]} 34. Rd1 {[%emt 0:00:25]} Ke6 {[%emt 0:02:11]} 35. Kg2 {[%emt 0:06:10]} c4 {[%emt 0:01:49]} 36. Re1 {[%emt 0:00:14]} Kf5 {[%emt 0:00:28]} 37. Rxe5+ {[%emt 0:00:45]} 1-0

[Event "29. Klatovy A 2023"]
[Site "Klatovy"]
[Date "2023.07.05"]
[Round "5.13"]
[White "Stary, Vojtech"]
[Black "Kopta, Pavel"]
[Result "1/2-1/2"]
[WhiteElo "1822"]
[BlackElo "2209"]
[PlyCount "110"]
[EventDate "2023.07.01"]
[EventType "swiss"]
[EventRounds "9"]
[EventCountry "CZE"]
[TimeControl "120+30"]

1. e4 {[%emt 0:01:51]} c5 {[%emt 0:00:09]} 2. c3 {[%emt 0:00:05]} d6 {[%emt 0:04:02]} 3. d4 {[%emt 0:00:18]} Nf6 {[%emt 0:00:07]} 4. dxc5 {[%emt 0:00:59]} Nc6 {[%emt 0:00:14]} 5. f3 {[%emt 0:00:16]} d5 {[%emt 0:02:45]} 6. exd5 {[%emt 0:00:30]} Nxd5 {[%emt 0:01:15]} 7. Bc4 {[%emt 0:00:37]} e6 {[%emt 0:02:21]} 8. Bxd5 {[%emt 0:00:33]} exd5 {[%emt 0:00:18]} 9. Be3 {[%emt 0:01:13]} Bf5 {[%emt 0:06:39]} 10. Ne2 {[%emt 0:04:26]} Be7 {[%emt 0:10:03]} 11. O-O {[%emt 0:05:59]} O-O {[%emt 0:00:52]} 12. Nd4 {[%emt 0:02:33]} Bg6 {[%emt 0:02:56]} 13. Nxc6 {[%emt 0:04:05]} bxc6 {[%emt 0:00:08]} 14. Nd2 {[%emt 0:02:09]} a5 {[%emt 0:04:56]} 15. f4 {[%emt 0:04:20]} Bd3 {[%emt 0:05:24]} 16. Re1 {[%emt 0:02:11]} Rb8 {[%emt 0:03:07]} 17. b3 {[%emt 0:02:10]} Qc7 {[%emt 0:02:52]} 18. Nf3 {[%emt 0:01:51]} Be4 {[%emt 0:00:55]} 19. Ne5 {[%emt 0:14:42]} Rfe8 {[%emt 0:04:07]} 20. Qd2 {[%emt 0:11:59]} f6 {[%emt 0:07:47]} 21. Nd3 {[%emt 0:01:12]} Qa7 {[%emt 0:02:45]} 22. Bd4 {[%emt 0:13:43]} Bxd3 {[%emt 0:06:18]} 23. Qxd3 {[%emt 0:00:19]} Bxc5 {[%emt 0:00:18]} 24. Bxc5 {[%emt 0:00:43]} Qxc5+ {[%emt 0:00:06]} 25. Qd4 {[%emt 0:01:46]} Qxd4+ {[%emt 0:05:05]} 26. cxd4 {[%emt 0:00:31]} Rxe1+ {[%emt 0:00:08]} 27. Rxe1 {[%emt 0:00:12]} Rb4 {[%emt 0:00:05]} 28. Rc1 {[%emt 0:05:06]} Rxd4 {[%emt 0:01:07]} 29. Rxc6 {[%emt 0:00:15]} Rd1+ {[%emt 0:01:30]} 30. Kf2 {[%emt 0:00:02]} Rd2+ {[%emt 0:00:09]} 31. Kf1 {[%emt 0:01:59]} d4 {[%emt 0:05:14]} 32. Rd6 {[%emt 0:02:51]} d3 {[%emt 0:09:51]} 33. Rd5 {[%emt 0:03:29]} Rxa2 {[%emt 0:08:41]} 34. Rxd3 {[%emt 0:00:23]} Kf7 {[%emt 0:00:36]} 35. Rd7+ {[%emt 0:01:21]} Kg6 {[%emt 0:00:56]} 36. Ra7 {[%emt 0:01:05]} h5 {[%emt 0:00:46]} 37. b4 {[%emt 0:01:13]} a4 {[%emt 0:00:10]} 38. b5 {[%emt 0:00:19]} h4 {[%emt 0:05:00]} 39. b6 {[%emt 0:03:00]} h3 {[%emt 0:00:13]} 40. gxh3 {[%emt 0:01:42]} Rxh2 {[%emt 0:01:10]} 41. Rxa4 {[%emt 0:02:09]} Rb2 {[%emt 0:00:23]} 42. Ra6 {[%emt 0:08:20]} Kf5 {[%emt 0:02:10]} 43. Ra7 {[%emt 0:02:23]} g6 {[%emt 0:01:43]} 44. Rb7 {[%emt 0:02:53]} Kxf4 {[%emt 0:01:43]} 45. Rb8 {[%emt 0:02:23]} f5 {[%emt 0:00:54]} 46. b7 {[%emt 0:01:31]} Kf3 {[%emt 0:00:31]} 47. Kg1 {[%emt 0:01:49]} f4 {[%emt 0:01:24]} 48. Rg8 {[%emt 0:01:20]} Rb1+ {[%emt 0:00:52]} 49. Kh2 {[%emt 0:00:12]} Rxb7 {[%emt 0:00:05]} 50. Rxg6 {[%emt 0:00:10]} Kf2 {[%emt 0:01:21]} 51. Rg2+ {[%emt 0:01:03]} Ke3 {[%emt 0:00:20]} 52. Ra2 {[%emt 0:02:13]} Rd7 {[%emt 0:00:48]} 53. Ra1 {[%emt 0:06:45]} Rd2+ {[%emt 0:08:21]} 54. Kg1 {[%emt 0:00:43]} Kf3 {[%emt 0:04:08]} 55. Ra3+ {[%emt 0:03:35]} Ke4 {[%emt 0:01:08]} 1/2-1/2

[Event "29. Klatovy A 2023"]
[Site "Klatovy"]
[Date "2023.07.05"]
[Round "5.14"]
[White "Folk, Petr"]
[Black "Zadrapa, Radek"]
[Result "1-0"]
[WhiteElo "2135"]
[BlackElo "2014"]
[PlyCount "63"]
[EventDate "2023.07.01"]
[EventType "swiss"]
[EventRounds "9"]
[EventCountry "CZE"]
[TimeControl "120+30"]

1. e4 {[%emt 0:01:18]} c5 {[%emt 0:00:05]} 2. Nf3 {[%emt 0:00:05]} d6 {[%emt 0:00:03]} 3. d4 {[%emt 0:00:04]} cxd4 {[%emt 0:00:04]} 4. Nxd4 {[%emt 0:00:04]} Nf6 {[%emt 0:00:04]} 5. Nc3 {[%emt 0:00:06]} a6 {[%emt 0:00:03]} 6. Bg5 {[%emt 0:00:39]} e6 {[%emt 0:01:17]} 7. f4 {[%emt 0:00:25]} Be7 {[%emt 0:00:04]} 8. Qf3 {[%emt 0:00:09]} Qc7 {[%emt 0:00:05]} 9. O-O-O {[%emt 0:00:14]} Nbd7 {[%emt 0:00:06]} 10. g4 {[%emt 0:00:26]} b5 {[%emt 0:00:25]} 11. Bxf6 {[%emt 0:03:26]} Nxf6 {[%emt 0:00:05]} 12. g5 {[%emt 0:00:08]} Nd7 {[%emt 0:00:04]} 13. f5 {[%emt 0:00:25]} O-O {[%emt 0:01:19]} 14. Qg3 {[%emt 0:05:33]} b4 {[%emt 0:08:27]} 15. Nce2 {[%emt 0:17:45]} Kh8 {[%emt 0:06:24]} 16. fxe6 {[%emt 0:17:29]} Nc5 {[%emt 0:00:51]} 17. Bg2 {[%emt 0:01:07]} fxe6 {[%emt 0:01:31]} 18. e5 {[%emt 0:09:53]} d5 {[%emt 0:03:54]} 19. Nf4 {[%emt 0:08:24]} Bd7 {[%emt 0:06:08]} 20. Kb1 {[%emt 0:00:58]} a5 {[%emt 0:02:35]} 21. h4 {[%emt 0:12:00]} a4 {[%emt 0:02:56]} 22. h5 {[%emt 0:03:24]} Kg8 {[%emt 0:29:46]} 23. Ng6 {[%emt 0:00:37]} Rf7 {[%emt 0:04:20]} 24. Rhf1 {[%emt 0:06:03]} hxg6 {[%emt 0:10:22]} 25. hxg6 {[%emt 0:01:53]} Rxf1 {[%emt 0:02:07]} 26. Rxf1 {[%emt 0:00:07]} Be8 {[%emt 0:00:13]} 27. Nxe6 {[%emt 0:05:25]} Qd7 {[%emt 0:14:20]} 28. Nf4 {[%emt 0:09:14]} Ne4 {[%emt 0:10:22]} 29. Bxe4 {[%emt 0:01:06]} dxe4 {[%emt 0:00:05]} 30. Qh4 {[%emt 0:03:19]} Bxg5 {[%emt 0:02:52]} 31. Qh7+ {[%emt 0:03:03]} Kf8 {[%emt 0:00:06]} 32. Nd5+ {[%emt 0:03:29]} 1-0

[Event "29. Klatovy A 2023"]
[Site "Klatovy"]
[Date "2023.07.05"]
[Round "5.15"]
[White "Ret, Adam Josef"]
[Black "Mik, Tomas"]
[Result "1/2-1/2"]
[WhiteElo "2133"]
[BlackElo "1940"]
[PlyCount "106"]
[EventDate "2023.07.01"]
[EventType "swiss"]
[EventRounds "9"]
[EventCountry "CZE"]
[TimeControl "120+30"]

1. c4 {[%emt 0:00:02]} Nf6 {[%emt 0:00:06]} 2. g3 {[%emt 0:00:04]} g6 {[%emt 0:00:07]} 3. Bg2 {[%emt 0:00:05]} Bg7 {[%emt 0:00:07]} 4. Nc3 {[%emt 0:00:20]} O-O {[%emt 0:00:59]} 5. d4 {[%emt 0:01:03]} c5 {[%emt 0:01:22]} 6. Nf3 {[%emt 0:01:25]} cxd4 {[%emt 0:02:11]} 7. Nxd4 {[%emt 0:02:09]} Nc6 {[%emt 0:00:30]} 8. O-O {[%emt 0:01:37]} a6 {[%emt 0:01:47]} 9. e3 {[%emt 0:04:56]} Qc7 {[%emt 0:02:32]} 10. b3 {[%emt 0:13:48]} d6 {[%emt 0:05:43]} 11. Bb2 {[%emt 0:02:08]} e6 {[%emt 0:09:18]} 12. Qd2 {[%emt 0:15:47]} Bd7 {[%emt 0:03:50]} 13. Rfd1 {[%emt 0:03:01]} Rfd8 {[%emt 0:00:34]} 14. Rac1 {[%emt 0:01:38]} Qb6 {[%emt 0:11:17]} 15. Nde2 {[%emt 0:10:24]} Be8 {[%emt 0:02:09]} 16. Ba3 {[%emt 0:06:49]} Bf8 {[%emt 0:03:05]} 17. Qb2 {[%emt 0:05:45]} Be7 {[%emt 0:03:47]} 18. Rd2 {[%emt 0:07:50]} Rd7 {[%emt 0:01:09]} 19. Rcd1 {[%emt 0:02:36]} Rad8 {[%emt 0:00:41]} 20. Qa1 {[%emt 0:01:25]} h5 {[%emt 0:05:43]} 21. Nf4 {[%emt 0:04:42]} Qa5 {[%emt 0:10:24]} 22. Bb2 {[%emt 0:01:49]} Nh7 {[%emt 0:01:18]} 23. Ne4 {[%emt 0:10:48]} Qf5 {[%emt 0:15:23]} 24. f3 {[%emt 0:08:28]} Qa5 {[%emt 0:02:49]} 25. Bc3 {[%emt 0:01:34]} Qb6 {[%emt 0:00:46]} 26. Kf2 {[%emt 0:01:54]} Nb4 {[%emt 0:10:08]} 27. a3 {[%emt 0:10:21]} Nc6 {[%emt 0:05:12]} 28. b4 {[%emt 0:01:12]} a5 {[%emt 0:06:32]} 29. Qb2 {[%emt 0:03:29]} Ne5 {[%emt 0:01:49]} 30. Rd4 {[%emt 0:00:33]} g5 {[%emt 0:08:51]} 31. Ne2 {[%emt 0:01:28]} f5 {[%emt 0:01:30]} 32. c5 {[%emt 0:02:23]} dxc5 {[%emt 0:01:27]} 33. Rxd7 {[%emt 0:00:00]} Rxd7 {[%emt 0:07:24]} 34. Rxd7 {[%emt 0:00:32]} Nxd7 {[%emt 0:00:44]} 35. Nxc5 {[%emt 0:01:27]} Nxc5 {[%emt 0:01:43]} 36. bxc5 {[%emt 0:00:02]} Qxb2 {[%emt 0:00:19]} 37. Bxb2 {[%emt 0:00:01]} Bxc5 {[%emt 0:00:09]} 38. Nd4 {[%emt 0:00:38]} Bd7 {[%emt 0:01:33]} 39. Nb3 {[%emt 0:00:25]} Bb6 {[%emt 0:00:39]} 40. f4 {[%emt 0:00:27]} gxf4 {[%emt 0:00:37]} 41. gxf4 {[%emt 0:00:04]} Bc6 {[%emt 0:01:30]} 42. Bxc6 {[%emt 0:00:43]} bxc6 {[%emt 0:00:04]} 43. Bc3 {[%emt 0:00:49]} a4 {[%emt 0:00:15]} 44. Nd2 {[%emt 0:00:01]} Bc5 {[%emt 0:01:17]} 45. Nc4 {[%emt 0:00:20]} Nf8 {[%emt 0:01:06]} 46. Bb2 {[%emt 0:04:41]} Ng6 {[%emt 0:00:16]} 47. Kf3 {[%emt 0:00:53]} Kf7 {[%emt 0:00:55]} 48. Na5 {[%emt 0:00:59]} Ne7 {[%emt 0:00:20]} 49. Nb7 {[%emt 0:00:16]} Bb6 {[%emt 0:00:58]} 50. Nd6+ {[%emt 0:00:12]} Kf8 {[%emt 0:00:39]} 51. e4 {[%emt 0:00:33]} fxe4+ {[%emt 0:00:25]} 52. Kxe4 {[%emt 0:00:10]} Bc7 {[%emt 0:00:47]} 53. Nb7 {[%emt 0:00:59]} Nd5 {[%emt 0:01:22]} 1/2-1/2

[Event "29. Klatovy A 2023"]
[Site "Klatovy"]
[Date "2023.07.05"]
[Round "5.16"]
[White "Pirklova, Hana"]
[Black "Mametev, Artem"]
[Result "0-1"]
[WhiteElo "2085"]
[BlackElo "1991"]
[PlyCount "130"]
[EventDate "2023.07.01"]
[EventType "swiss"]
[EventRounds "9"]
[EventCountry "CZE"]
[TimeControl "120+30"]

1. e4 {[%emt 0:00:01]} e6 {[%emt 0:00:05]} 2. d4 {[%emt 0:00:07]} d5 {[%emt 0:00:03]} 3. e5 {[%emt 0:00:11]} c5 {[%emt 0:00:04]} 4. c3 {[%emt 0:00:03]} Nc6 {[%emt 0:00:07]} 5. Nf3 {[%emt 0:00:04]} Bd7 {[%emt 0:00:05]} 6. Be2 {[%emt 0:00:47]} Nge7 {[%emt 0:00:17]} 7. Na3 {[%emt 0:03:02]} cxd4 {[%emt 0:05:15]} 8. Nb5 {[%emt 0:01:38]} Nf5 {[%emt 0:04:14]} 9. Nbxd4 {[%emt 0:00:17]} Nfxd4 {[%emt 0:03:30]} 10. cxd4 {[%emt 0:00:09]} Bb4+ {[%emt 0:02:37]} 11. Bd2 {[%emt 0:00:09]} Qa5 {[%emt 0:04:47]} 12. a3 {[%emt 0:03:48]} Bxd2+ {[%emt 0:00:08]} 13. Qxd2 {[%emt 0:00:05]} Qxd2+ {[%emt 0:00:35]} 14. Kxd2 {[%emt 0:00:05]} Na5 {[%emt 0:00:41]} 15. Ke3 {[%emt 0:06:10]} b5 {[%emt 0:21:21]} 16. Nd2 {[%emt 0:09:14]} Nc4+ {[%emt 0:16:41]} 17. Bxc4 {[%emt 0:00:45]} bxc4 {[%emt 0:00:03]} 18. b3 {[%emt 0:01:04]} c3 {[%emt 0:00:38]} 19. Nb1 {[%emt 0:09:25]} Rb8 {[%emt 0:01:26]} 20. b4 {[%emt 0:00:35]} c2 {[%emt 0:05:39]} 21. Nc3 {[%emt 0:01:29]} Ke7 {[%emt 0:10:41]} 22. Rhc1 {[%emt 0:03:26]} a5 {[%emt 0:01:16]} 23. bxa5 {[%emt 0:10:38]} Rhc8 {[%emt 0:13:09]} 24. Rxc2 {[%emt 0:05:00]} Rb3 {[%emt 0:02:16]} 25. Kd2 {[%emt 0:09:22]} Ra8 {[%emt 0:00:18]} 26. Ne2 {[%emt 0:11:15]} Rxa5 {[%emt 0:01:39]} 27. Rc3 {[%emt 0:00:24]} Rb2+ {[%emt 0:01:31]} 28. Ke3 {[%emt 0:07:00]} Bb5 {[%emt 0:00:36]} 29. Nc1 {[%emt 0:01:55]} Bc4 {[%emt 0:01:36]} 30. Nd3 {[%emt 0:02:59]} Bxd3 {[%emt 0:00:15]} 31. Rxd3 {[%emt 0:00:07]} f6 {[%emt 0:00:41]} 32. Rc1 {[%emt 0:04:43]} fxe5 {[%emt 0:01:39]} 33. dxe5 {[%emt 0:00:05]} Ra2 {[%emt 0:04:34]} 34. Rc7+ {[%emt 0:02:46]} Kf8 {[%emt 0:00:08]} 35. Rcc3 {[%emt 0:03:14]} Ra4 {[%emt 0:05:42]} 36. Rc8+ {[%emt 0:11:26]} Kf7 {[%emt 0:00:10]} 37. Rc7+ {[%emt 0:00:51]} Kg6 {[%emt 0:00:32]} 38. f4 {[%emt 0:01:18]} Rxg2 {[%emt 0:01:10]} 39. Re7 {[%emt 0:01:14]} Rxh2 {[%emt 0:01:05]} 40. Rd1 {[%emt 0:02:47]} Rh3+ {[%emt 0:04:23]} 41. Ke2 {[%emt 0:00:15]} Re4+ {[%emt 0:00:16]} 42. Kf2 {[%emt 0:00:24]} Rxf4+ {[%emt 0:00:22]} 43. Kg2 {[%emt 0:00:04]} Rxa3 {[%emt 0:00:36]} 44. Rxe6+ {[%emt 0:00:24]} Kf5 {[%emt 0:02:01]} 45. Re7 {[%emt 0:00:22]} Rg4+ {[%emt 0:03:31]} 46. Kh2 {[%emt 0:01:27]} Ke4 {[%emt 0:07:03]} 47. e6 {[%emt 0:07:21]} Rh4+ {[%emt 0:01:46]} 48. Kg2 {[%emt 0:00:37]} Rg4+ {[%emt 0:00:08]} 49. Kh2 {[%emt 0:00:04]} Rg6 {[%emt 0:01:49]} 50. Rf7 {[%emt 0:02:42]} Rxe6 {[%emt 0:00:58]} 51. Rxg7 {[%emt 0:00:21]} Rh6+ {[%emt 0:00:10]} 52. Kg2 {[%emt 0:00:11]} Rg6+ {[%emt 0:00:15]} 53. Rxg6 {[%emt 0:00:08]} hxg6 {[%emt 0:00:03]} 54. Kf2 {[%emt 0:02:14]} g5 {[%emt 0:00:37]} 55. Re1+ {[%emt 0:00:03]} Kf4 {[%emt 0:00:15]} 56. Rd1 {[%emt 0:00:09]} Ra2+ {[%emt 0:00:34]} 57. Kg1 {[%emt 0:00:13]} Ke4 {[%emt 0:01:38]} 58. Re1+ {[%emt 0:00:09]} Kf3 {[%emt 0:01:44]} 59. Re5 {[%emt 0:00:17]} g4 {[%emt 0:00:25]} 60. Rf5+ {[%emt 0:01:09]} Kg3 {[%emt 0:00:56]} 61. Kf1 {[%emt 0:00:13]} d4 {[%emt 0:00:17]} 62. Rd5 {[%emt 0:00:14]} Kf3 {[%emt 0:00:47]} 63. Rf5+ {[%emt 0:00:18]} Ke4 {[%emt 0:00:04]} 64. Rg5 {[%emt 0:00:08]} d3 {[%emt 0:00:23]} 65. Rxg4+ {[%emt 0:00:13]} Kf3 {[%emt 0:00:04]} 0-1

[Event "29. Klatovy A 2023"]
[Site "Klatovy"]
[Date "2023.07.05"]
[Round "5.17"]
[White "Pycha, Patrik"]
[Black "Topencik, Bruno"]
[Result "1-0"]
[WhiteElo "2058"]
[BlackElo "1780"]
[PlyCount "95"]
[EventDate "2023.07.01"]
[EventType "swiss"]
[EventRounds "9"]
[EventCountry "CZE"]
[TimeControl "120+30"]

1. e4 {[%emt 0:00:02]} c6 {[%emt 0:00:08]} 2. d4 {[%emt 0:00:05]} d5 {[%emt 0:00:10]} 3. e5 {[%emt 0:00:53]} Bf5 {[%emt 0:00:08]} 4. h4 {[%emt 0:00:05]} h6 {[%emt 0:02:33]} 5. g4 {[%emt 0:01:05]} Be4 {[%emt 0:02:53]} 6. f3 {[%emt 0:00:06]} Bh7 {[%emt 0:00:52]} 7. e6 {[%emt 0:01:10]} Qd6 {[%emt 0:00:38]} 8. exf7+ {[%emt 0:00:29]} Kxf7 {[%emt 0:00:08]} 9. f4 {[%emt 0:01:50]} Nf6 {[%emt 0:01:37]} 10. Nf3 {[%emt 0:02:05]} Nxg4 {[%emt 0:00:58]} 11. Bh3 {[%emt 0:10:04]} h5 {[%emt 0:02:14]} 12. Ng5+ {[%emt 0:10:15]} Kg8 {[%emt 0:07:49]} 13. Qe2 {[%emt 0:20:10]} Bf5 {[%emt 0:07:38]} 14. Be3 {[%emt 0:02:29]} Nd7 {[%emt 0:07:54]} 15. Nd2 {[%emt 0:00:47]} e6 {[%emt 0:01:59]} 16. Ndf3 {[%emt 0:00:27]} Be7 {[%emt 0:05:08]} 17. O-O-O {[%emt 0:06:27]} Bxg5 {[%emt 0:08:22]} 18. hxg5 {[%emt 0:00:51]} g6 {[%emt 0:02:25]} 19. Rdg1 {[%emt 0:12:04]} Kg7 {[%emt 0:03:13]} 20. Bd2 {[%emt 0:01:47]} Rae8 {[%emt 0:11:22]} 21. Nh4 {[%emt 0:06:01]} Nb6 {[%emt 0:08:59]} 22. Bxg4 {[%emt 0:07:59]} Bxg4 {[%emt 0:03:31]} 23. Rxg4 {[%emt 0:00:15]} hxg4 {[%emt 0:00:42]} 24. Qd3 {[%emt 0:00:11]} Rxh4 {[%emt 0:18:29]} 25. Rxh4 {[%emt 0:00:08]} Qf8 {[%emt 0:11:25]} 26. Qe2 {[%emt 0:01:52]} Nd7 {[%emt 0:07:39]} 27. Qh2 {[%emt 0:00:47]} Qg8 {[%emt 0:01:07]} 28. Rxg4 {[%emt 0:06:06]} a5 {[%emt 0:02:40]} 29. Rh4 {[%emt 0:01:15]} b6 {[%emt 0:00:18]} 30. Rh6 {[%emt 0:00:27]} Re7 {[%emt 0:02:50]} 31. Qe2 {[%emt 0:05:06]} Qf7 {[%emt 0:01:59]} 32. Qh2 {[%emt 0:00:45]} Qg8 {[%emt 0:00:22]} 33. Qh3 {[%emt 0:05:13]} Re8 {[%emt 0:01:00]} 34. Qc3 {[%emt 0:03:05]} Rc8 {[%emt 0:00:57]} 35. a4 {[%emt 0:02:30]} Qf7 {[%emt 0:01:11]} 36. Qh3 {[%emt 0:00:38]} Nf8 {[%emt 0:01:13]} 37. Qb3 {[%emt 0:04:32]} Qc7 {[%emt 0:01:28]} 38. Kb1 {[%emt 0:00:34]} b5 {[%emt 0:02:37]} 39. Qh3 {[%emt 0:04:30]} bxa4 {[%emt 0:01:44]} 40. Qh4 {[%emt 0:02:56]} Rb8 {[%emt 0:01:04]} 41. f5 {[%emt 0:01:15]} exf5 {[%emt 0:00:41]} 42. Bf4 {[%emt 0:00:19]} Qb6 {[%emt 0:00:43]} 43. Be5+ {[%emt 0:00:45]} Kf7 {[%emt 0:00:28]} 44. Rh7+ {[%emt 0:00:18]} Nxh7 {[%emt 0:00:32]} 45. Qxh7+ {[%emt 0:00:05]} Ke6 {[%emt 0:00:06]} 46. Qxg6+ {[%emt 0:00:04]} Kd7 {[%emt 0:00:14]} 47. Qd6+ {[%emt 0:00:15]} Kc8 {[%emt 0:00:04]} 48. Qxb8+ {[%emt 0:00:08]} 1-0

[Event "29. Klatovy A 2023"]
[Site "Klatovy"]
[Date "2023.07.05"]
[Round "5.18"]
[White "Martirosyan, David"]
[Black "Pecka, Jan"]
[Result "1/2-1/2"]
[WhiteElo "1908"]
[BlackElo "2054"]
[PlyCount "66"]
[EventDate "2023.07.01"]
[EventType "swiss"]
[EventRounds "9"]
[EventCountry "CZE"]
[TimeControl "120+30"]

1. d4 {[%emt 0:04:11]} Nf6 {[%emt 0:00:30]} 2. c4 {[%emt 0:00:08]} e6 {[%emt 0:00:09]} 3. Nc3 {[%emt 0:00:21]} Bb4 {[%emt 0:00:07]} 4. Qc2 {[%emt 0:00:15]} O-O {[%emt 0:00:08]} 5. a3 {[%emt 0:00:05]} Bxc3+ {[%emt 0:00:20]} 6. Qxc3 {[%emt 0:00:09]} d5 {[%emt 0:00:21]} 7. Nf3 {[%emt 0:00:42]} dxc4 {[%emt 0:00:58]} 8. Qxc4 {[%emt 0:00:34]} b6 {[%emt 0:00:19]} 9. Bg5 {[%emt 0:01:03]} Nbd7 {[%emt 0:04:07]} 10. e3 {[%emt 0:02:55]} Bb7 {[%emt 0:04:21]} 11. Be2 {[%emt 0:10:59]} c5 {[%emt 0:04:11]} 12. O-O {[%emt 0:10:11]} Rc8 {[%emt 0:01:57]} 13. Rfd1 {[%emt 0:19:13]} Qe7 {[%emt 0:08:49]} 14. Qa4 {[%emt 0:09:07]} a6 {[%emt 0:00:59]} 15. dxc5 {[%emt 0:12:28]} b5 {[%emt 0:09:00]} 16. Qb4 {[%emt 0:05:13]} Qxc5 {[%emt 0:02:50]} 17. Qxc5 {[%emt 0:06:05]} Nxc5 {[%emt 0:13:41]} 18. Nd4 {[%emt 0:03:53]} Na4 {[%emt 0:03:56]} 19. Rab1 {[%emt 0:03:50]} Be4 {[%emt 0:07:46]} 20. Bd3 {[%emt 0:05:17]} Bxd3 {[%emt 0:01:52]} 21. Rxd3 {[%emt 0:00:06]} Nxb2 {[%emt 0:00:19]} 22. Rb3 {[%emt 0:00:29]} Nc4 {[%emt 0:04:12]} 23. Bxf6 {[%emt 0:01:01]} gxf6 {[%emt 0:00:07]} 24. Rc3 {[%emt 0:00:13]} Nb6 {[%emt 0:09:04]} 25. Nc6 {[%emt 0:03:36]} Kg7 {[%emt 0:06:17]} 26. Rbc1 {[%emt 0:01:11]} Rc7 {[%emt 0:16:27]} 27. Nb4 {[%emt 0:05:41]} Rxc3 {[%emt 0:01:25]} 28. Rxc3 {[%emt 0:00:04]} a5 {[%emt 0:02:00]} 29. Na6 {[%emt 0:00:34]} Ra8 {[%emt 0:01:55]} 30. Nc7 {[%emt 0:01:41]} b4 {[%emt 0:00:14]} 31. Rc6 {[%emt 0:00:24]} Rc8 {[%emt 0:01:49]} 32. axb4 {[%emt 0:00:58]} axb4 {[%emt 0:02:58]} 33. g3 {[%emt 0:00:47]} b3 {[%emt 0:01:02]} 1/2-1/2

[Event "29. Klatovy A 2023"]
[Site "Klatovy"]
[Date "2023.07.05"]
[Round "5.19"]
[White "Formanek, Martin"]
[Black "Honcharov, Makar"]
[Result "1/2-1/2"]
[WhiteElo "2206"]
[BlackElo "1696"]
[PlyCount "121"]
[EventDate "2023.07.01"]
[EventType "swiss"]
[EventRounds "9"]
[EventCountry "CZE"]

1. Nf3 Nf6 2. g3 g6 3. Bg2 Bg7 4. O-O O-O 5. c4 d6 6. Nc3 e5 7. d3 Nc6 8. Rb1 a5 9. a3 Be6 10. b4 axb4 11. axb4 h6 12. Nd2 Rb8 13. Nd5 Ne7 14. Nxf6+ Bxf6 15. Bb2 Bg7 16. Qc2 f5 17. e3 d5 18. cxd5 Nxd5 19. Ba1 c6 20. Nc4 Qc7 21. Rfc1 Rfd8 22. Qb2 Kh7 23. Nxe5 Nb6 24. d4 Bxe5 25. dxe5 Nc4 26. Qc3 Nd2 27. Rb2 Nc4 28. Rbc2 b5 29. Qe1 Rd3 30. Bd4 Rd8 31. Ra1 Rd7 32. h4 h5 33. Kh2 Qd8 34. Bxc6 R7xd4 35. exd4 Qxd4 36. f4 Ne3 37. Rg2 Nxg2 38. Bxg2 Rd2 39. Qg1 Qb2 40. Ra7+ Kh6 41. Kh3 Rf2 42. Ra6 Bc8 43. Ra7 Be6 44. Ra6 Bc8 45. Ra7 Qc2 46. e6 Bxe6 47. Re7 Qa2 48. Rxe6 Rxg2 49. Rxg6+ Kxg6 50. Qxg2 Qc4 51. Qd2 Qc6 52. Kh2 Qe6 53. Qd3 Qc6 54. Qb3 Qc4 55. Qb2 Qe6 56. Qd2 Qe7 57. Qg2 Qe6 58. Kh3 Qc4 59. Qf3 Kf6 60. Qe3 Qd5 61. Kh2 1/2-1/2

[Event "29. Klatovy A 2023"]
[Site "Klatovy"]
[Date "2023.07.05"]
[Round "5.20"]
[White "Hosnedl, Jiri"]
[Black "Holy, Filip"]
[Result "0-1"]
[WhiteElo "1858"]
[BlackElo "2129"]
[PlyCount "76"]
[EventDate "2023.07.01"]
[EventType "swiss"]
[EventRounds "9"]
[EventCountry "CZE"]

1. d4 d5 2. c4 c6 3. Nf3 Nf6 4. Nc3 a6 5. c5 g6 6. Bf4 Bg7 7. h3 O-O 8. e3 Re8 9. Be2 Nbd7 10. Ne5 Nf8 11. O-O N6d7 12. Nxd7 Nxd7 13. b4 e5 14. dxe5 Nxe5 15. Rc1 Bf5 16. Re1 Qe7 17. Bf1 Rad8 18. Qb3 Qf6 19. Red1 Be6 20. Qc2 Bf5 21. Qb3 g5 22. Bxe5 Rxe5 23. Ne2 g4 24. hxg4 Bxg4 25. Rd4 h5 26. a4 Bh6 27. Nf4 Kh8 28. b5 Rg8 29. Qd3 Bf3 30. g3 Be4 31. Qd2 h4 32. Bg2 hxg3 33. f3 Bh7 34. bxa6 bxa6 35. Rc3 Rge8 36. Bh3 Bf5 37. Bxf5 Rxf5 38. Qg2 Rxf4 0-1

[Event "29. Klatovy A 2023"]
[Site "Klatovy"]
[Date "2023.07.05"]
[Round "5.21"]
[White "Simak, Roman"]
[Black "Novotny, David"]
[Result "1/2-1/2"]
[WhiteElo "1838"]
[BlackElo "2034"]
[PlyCount "41"]
[EventDate "2023.07.01"]
[EventType "swiss"]
[EventRounds "9"]
[EventCountry "CZE"]

1. d4 Nf6 2. c4 e6 3. Nc3 Bb4 4. Bd2 d5 5. e3 O-O 6. Bd3 dxc4 7. Bxc4 b6 8. Nge2 Bb7 9. f3 c5 10. O-O Nc6 11. a3 cxd4 12. axb4 dxc3 13. Bxc3 Qc7 14. Nd4 Rfd8 15. Qe2 Ne5 16. Bb3 Bd5 17. e4 Bxb3 18. Nxb3 Rd7 19. Rfd1 Rxd1+ 20. Rxd1 Nfd7 21. b5 1/2-1/2